Diseño de un Plan de marcación de un PBX basado en LINUX
Se realiza un estudio sobre la implementación de sistemas IVR utilizando el PBX Asterisk. Proveer el mínimo de conocimientos necesarios sobre la estructura y lógica del plan de marcación para implementar un sistema IVR. Explicar los conceptos básicos sobare el funcionamiento del asterick Gate...
| Main Authors: | , |
|---|---|
| Other Authors: | |
| Format: | Tesis Section = Libro |
| Language: | Undetermined Spanish |
| Published: |
Managua
UNI
2012
|
| Subjects: |
| LEADER | 01312nam a2200265Ia 4500 | ||
|---|---|---|---|
| 008 | 240830s9999 xx 000 0 und d | ||
| 040 | |a BIBLIOTECA-RUSB/ T.Mon 621.385 H519 | ||
| 041 | |a spa | ||
| 082 | |a T.Mon 621.385 H519 | ||
| 100 | 1 | |a Henríquez Moraga, Derlyng Anthony | |
| 100 | 1 | |b Martínez Sánchez, Romel Elías | |
| 245 | 1 | 0 | |a Diseño de un Plan de marcación de un PBX basado en LINUX |
| 260 | |a Managua |b UNI |c 2012 | ||
| 300 | |a 44 p. :il. | ||
| 500 | |a Contiene: anexos. | ||
| 502 | |a Tesis (Ingeniero Electrónico) - UNI, 2012. | ||
| 520 | 3 | |a Se realiza un estudio sobre la implementación de sistemas IVR utilizando el PBX Asterisk. Proveer el mínimo de conocimientos necesarios sobre la estructura y lógica del plan de marcación para implementar un sistema IVR. Explicar los conceptos básicos sobare el funcionamiento del asterick Gateway interface para comprender como puede usarse para extender la funcionalidad de los sistemas IVR. Implementar un sistema IVR funcional, mas no rico en características utilizando softphones SIP. | |
| 650 | 7 | |a SISTEMAS TELEFONICO-IVR | |
| 650 | 7 | |b SISTEMA IVR | |
| 650 | 7 | |c ASTERISK-PLATAFORMA DE TELEFONIA | |
| 650 | 7 | |d I | |
| 700 | 1 | |a Tutor: |b Dalla-Torre Parrales, Cedrick Elksnher | |
| 942 | |c BK |2 ddc | ||
| 991 | |a TESIS | ||
| 999 | |c 21866 | ||